000 00764cam a22002533a 4500
001 7241
003 PGUSA
005 20140828083142.0
008 050101s2005||||xxu|||||s|||||000 | eng d
040 _aPGUSA
_beng
042 _adc
050 4 _aPQ
100 1 _aLa Fontaine, Jean de,
_d1621-1695
245 1 0 _aFables of La Fontaine — a New Edition, with Notes
_h[electronic resource] /
_cJean de La Fontaine
260 _bProject Gutenberg,
_c2005
506 _aPublic domain in the USA.
516 _aElectronic text
653 _aFables, French -- Translations into English
700 1 _aGibbs, J. W. M.
700 1 _aWright, Elizur,
_d1804-1885
830 0 _aProject Gutenberg
_v7241
856 4 0 _uhttp://www.gutenberg.org/ebooks/7241
942 _cEB
999 _c236561
_d236561